LEADER 01225nam a2200301 a 4500 001 000000159463 003 CaOOAMICUS 005 20170315181319.0 008 170315s2017 it 000 u ita r 020 $a978-88-921-0547-8* 032 $aLibriCat 040 $aPUL$bita 082 14$a342.05 100 1 $aMerlini, Stefano.$0(OLS)http://pul/name/68204 245 13$aIl governo parlamentare in Italia / $cStefano Merlini, Giovanni Tarli Barbieri. 250 $aSeconda edizione. 260 $aTorino :$bGiappichelli,$c©2017. 300 $aIX, 533 p. ; $c24 cm. 651 4$aItalia$xOrdinamento istituzionale.$0(OLS)http://pul/subject/22819 700 1 $aTarli Barbieri, Giovanni.$0(OLS)http://pul/name/65038 850 $aPUL 852 $aPUL$W1$xSL Diritto e Scienze Sociali 3$y79$m342. 05 MERST 2$j182871$qDDC 21$B186079$CPULBib$Z2$F186079 $H129084 $82 941 1 $a9 996 $6020$a978-88-921-0547-8*$9(OLS)http://pul/number/162218 996 $6082$a342.05$9(OLS)http://pul/classification/3045 996 $6245$aIl governo parlamentare in Italia / $9(OLS)http://pul/title/199081 996 $6260$aTorino :$bGiappichelli$9(OLS)http://pul/publisher/48244 LEADER 01167nam a2200277 a 4500 001 000000137713 003 CaOOAMICUS 005 20140312124357.0 008 140312s2013 it u000 u ita r 020 $a978-88-17-07002-7 040 $aPUL$bita 082 04$a121 100 1 $aSeverino, Emanuele,$d1929-2020.$0(OLS)http://pul/name/4702 245 13$aLa potenza dell'errare :$bsulla storia dell'Occidente /$cEmanuele Severino. 260 $aMilano :$bRizzoli ;$aMilano :$bR.C.S. Libri,$c©2013. 300 $a351 p. ;$c22 cm. 650 4$aVeritą$xAspetti filosofici.$0(OLS)http://pul/subject/38683 850 $aPUL 852 $aPUL$W1$xSL Filosofia 3$y81$m121 SEVEM 1$j158743$qDDC 21$B158269$CPULBib$Z2$F158269 $H123650 $82 941 1 $a9 996 $6020$a978-88-17-07002-7$9(OLS)http://pul/number/154782 996 $6082$a121$9(OLS)http://pul/classification/133 996 $6245$aLa potenza dell'errare :$bsulla storia dell'Occidente$9(OLS)http://pul/title/174375 996 $6260$aMilano :$bRizzoli$9(OLS)http://pul/publisher/48712 996 $6260$aMilano :$bR.C.S. Libri$9(OLS)http://pul/publisher/74600